Statistics for Actors with Most Academy Awards

Click here to take the quiz!

General Stats

  • This quiz has been taken 1,141 times
  • The average score is 9 of 20

Answer Stats

No of AwardsActor% Correct
2 (1993, 1994)Tom Hanks
82%
3 (1975, 1983, 1997)Jack Nicholson
78%
3 (1989, 2007, 2012)Daniel Day-Lewis
76%
2 (1974, 1980)Robert De Niro
70%
2 (1954, 1972)Marlon Brando
61%
2 (1979, 1988)Dustin Hoffman
59%
2 (1989, 2001)Denzel Washington
55%
2 (1937, 1938)Spencer Tracy
52%
2 (1995, 1999)Kevin Spacey
42%
2 (1941, 1952)Gary Cooper
38%
2 (1971, 1992)Gene Hackman
37%
2 (2009, 2012)Cristoph Waltz
34%
2 (1986, 1999)Michael Caine
31%
2 (2003, 2008)Sean Penn
31%
2 (1963, 1979)Melvyn Douglas
26%
3 (1936, 1938, 1940)Walter Brennan
24%
2 (1931/32, 1946)Fredric March
22%
2 (1976, 1977)Jason Robards
20%
2 (1952, 1956)Anthony Quinn
13%
2 (1960, 1964)Peter Ustinov
12%

Score Distribution

Percentile by Number Answered

Percent of People with Each Score

Your Score History

You have not taken this quiz